Central Library OPAC University of Rajshahi

Readings in the theory of income distribution / (Record no. 7110)

MARC details
000 -LEADER
fixed length control field 00966nam a22002531 4500
001 - CONTROL NUMBER
control field 7110
003 - CONTROL NUMBER IDENTIFIER
rucl marc code BD-RjUL
005 - DATE AND TIME OF LATEST TRANSACTION
control field 20211208234351.0
008 - FIXED-LENGTH DATA ELEMENTS--GENERAL INFORMATION
fixed length control field 140113s19671950paua b 000 0 eng
035 ## - SYSTEM CONTROL NUMBER
System control number (BD-RjUL)7152
040 ## - CATALOGING SOURCE
Original cataloging agency DLC
Transcribing agency DLC
Modifying agency DLC
-- BD-RjUL
Language of cataloging eng
041 ## - LANGUAGE CODE
Language code of text/sound track or separate title eng
082 00 - DEWEY DECIMAL CLASSIFICATION NUMBER
Classification number 339.3
Author mark and year AMR 1967
110 2# - MAIN ENTRY--CORPORATE NAME
Corporate name or jurisdiction name as entry element American economic association.
9 (RLIN) 161241
245 10 - TITLE STATEMENT
Title Readings in the theory of income distribution /
Statement of responsibility, etc. selected by a committee of the American economic association.
260 ## - PUBLICATION, DISTRIBUTION, ETC. (IMPRINT)
Place of publication, distribution, etc. Philadelphia;
-- Toronto :
Name of publisher, distributor, etc. The Blakiston company,
Date of publication, distribution, etc. 1950 [Impression 1967].
300 ## - PHYSICAL DESCRIPTION
Pagination xvi, 718 p. :
Illustrations ill . ;
Size 22 cm.
490 0# - SERIES STATEMENT
Series statement [Blakiston series of republished articles on economics, vol. III]
504 ## - BIBLIOGRAPHY, ETC. NOTE
Bibliography, etc "Classified bibliography of articles on national income and distribution, compiled by Frank E. Norton, jr.": p. 661-710.
650 #0 - SUBJECT ADDED ENTRY--TOPICAL TERM
Topical term or geographic name as entry element National income.
9 (RLIN) 22264
700 1# - ADDED ENTRY--PERSONAL NAME
Personal name Norton, Frank E.
942 ## - ADDED ENTRY ELEMENTS (KOHA)
Source of classification or shelving scheme Dewey Decimal Classification
Koha item type Books
Holdings
Lost status Source of classification or shelving scheme Damaged status Not for loan Collection code Permanent Location Current Location Shelving location Date acquired Source of acquisition Total Checkouts Full call number Date last seen Copy number Koha item type Cost, normal purchase price
  Dewey Decimal Classification     Non-fiction Central Library, University of Rajshahi Central Library, University of Rajshahi   05/05/1975 Asia Foundation   339.3 AMR 1967 13/01/2014 C-3 Books  
  Dewey Decimal Classification     Non-fiction Central Library, University of Rajshahi Central Library, University of Rajshahi   05/02/1985 Socio Eco Bord Gift   339.3 AMR 1949 15/01/2014 C-4 Books  
  Dewey Decimal Classification     Non-fiction Central Library, University of Rajshahi Central Library, University of Rajshahi   01/04/1957 Simpkim Marshal   339.3 AMR 1967 18/07/2016 C-2 Books 1.10
  Dewey Decimal Classification     Non-fiction Central Library, University of Rajshahi Central Library, University of Rajshahi   12/01/1956 U.S.A   339.3 AMR 1967 28/07/2016 C-5 Books  
  Dewey Decimal Classification     Non-fiction Central Library, University of Rajshahi Central Library, University of Rajshahi   01/08/1973 Eureka Book Agency   339.3 AMR 1967 24/09/2016 C-6 Books 68.75
  Dewey Decimal Classification     Non-fiction Central Library, University of Rajshahi Central Library, University of Rajshahi   16/08/1955 Rassel co. ltd   339.3 AMR 1954 24/10/2016 C-7 Books 15.00